000 01167cac a22002531u 4500
090 _c157
008 081103t2002 xxu||||| |||| 00| 0 eng d
010 _a 2001006730
020 _a0471492787 (paper : alk. paper)
020 _a0471402494 (cloth : alk. paper)
082 0 0 _a004/.01/9
_bP9236
100 _aPreece, Jenny,
245 1 0 _aInteraction design :
_bbeyond human-computer interaction /
_c[Jennifer] Preece, [Yvonne] Rogers, [Helen] Sharp.
260 _aNew York, NY :
_bJ. Wiley & Sons,
_cc2002.
300 _axxiii, 519 p. :
_bill. (some col.) ;
_c24 cm.
650 0 _aHuman-computer interaction.
700 1 _aRogers, Yvonne.
700 1 _aSharp, Helen.
856 4 2 _3Contributor biographical information
_uhttp://www.loc.gov/catdir/bios/wiley045/2001006730.html
856 4 2 _3Publisher description
_uhttp://www.loc.gov/catdir/description/wiley039/2001006730.html
856 4 2 _3Table of contents
_uhttp://www.loc.gov/catdir/toc/wiley021/2001006730.html
942 _cBB
_k004.019P9236
_2ddc
999 _c157
_d157